000
00319nam a22001457a 4500
008
210302b ||||| |||| 00| 0 eng d
020
_a
9480547004907
041
_a
eng
080
_a
338
082
_a
338
100
_a
53
101
_a
MEN
245
_a
Strategic Management Theory
_c
Hill, CH.W.L
942
_2
udc
_c
BK
999
_c
55487
_d
55487